| 000 | 00433nam a22001571a 4500 | ||
|---|---|---|---|
| 020 | _a8121505672 | ||
| 082 |
_aS 294.592 6 _bMED/M |
||
| 100 |
_aMedhatithi (comm.) _975490 |
||
| 245 | _aManava dharmasastra [Institutes of Manu] (v.1)/ | ||
| 260 |
_aNew Delhi: _bMunshiram Manoharlal, _c1992. |
||
| 300 | _a754p. | ||
| 650 |
_aDharmashastra _975491 |
||
| 650 |
_aReligion _975492 |
||
| 700 |
_aMedhatithi (comm.) _975493 |
||
| 942 | _cBK | ||
| 999 |
_c27460 _d27460 |
||